000 00593nam a22001937a 4500
005 20160622120308.0
010 _aENG-115178
020 _a9789385755767
_c299.00
035 _aEN-98710
037 _bDBAD/PUB
082 _a808.883
100 _aMishra, Vandana
245 _aI, the salt doll /
_cby Vandana Mishra; translated from the Marathi by Jerry Pinto
260 _aNew Delhi
_bSpeaking Tiger
_c2016
270 _a4381/4, Ansari Road, Daryaganj,
_bNew Delhi
_e110002
300 _a221p.
_c20cm(pbk)
700 _aPinto, Jerry
942 _2ddc
_cEN
_mMIS
_h808.883
999 _c100144
_d100144